Miasta kończące się na T według podpowiedzi - Statystyki

Ogólne statystyki
  • Ten quiz został rozwiązany 83 razy
  • Średni wynik to 10 z 20
Statystyki odpowiedzi
Wskazówka Odpowiedź % Poprawnych
Stolica Maroka Rabat
93%
Znajduje się w aglomeracji trójmiejskiej Sopot
89%
Stolica położona nad Dunajem Budapeszt
86%
Finansowa stolica Niemiec Frankfurt
84%
Stolica Europy Wschodniej, której Parlament jest najcięższym budynkiem na świecie Bukareszt
77%
Centrum amerykańskiego przemysłu samochodowego Detroit
70%
Miasto na chorwackim wybrzeżu, pierwotnie zbudowane jako pałac rzymskiego cesarza Dioklecjana Split
68%
Najludniejsze miasto uzbecko-języczne na świecie Taszkent
68%
Stolica położona na Półwyspie Arabskim Maskat
53%
Gdzie znajdują się siedziby Porsche i Mercedesa Stuttgart
53%
Znany z przydomka "Paryż Bliskiego Wschodu" Bejrut
51%
Najważniejsze miasto Holandii w średniowieczu Utrecht
49%
Stolica Tasmanii, stanu Australii Hobart
45%
Główne miasto na największej wyspie Tajlandii (także nazwa wyspy) Phuket
43%
Znajduje się tam lotnisko położone w województwie lubuskim Babimost
32%
Miasto w którym zbudowano Titanica Belfast
32%
Najbardziej wysunięte na południe miasto w stanie Floryda Key West
22%
90% światowych diamentów jest szlifowanych i polerowanych w tym mieście w indyjskim stanie Gudżarat Surat
12%
Najludniejsze miasto w delcie rzeki Nigru Port Harcourt
9%
Miasto w stanie Rhode Island, w którym niegdyś spędzała lato bogata elita Stanów Zjednoczonych Newport
8%
Nie znaleziono quizów pasujących do podanych kryteriów
Rozkład punktacji
Procent ludzi z każdym wynikiem
Percentyl według liczby udzielonych odpowiedzi
Twoja historia wyników
Nie rozwiązałeś tego quizu